Διάγραμμα του μεθοδολογικού προβλήματος της θρησκειοψυχολογικής ερεύνης (η μεθοδική αρχή του "απολκαλυπτικού ψυχολογικού τύπου")

Αποθηκεύτηκε σε:
Λεπτομέρειες βιβλιογραφικής εγγραφής
Κύριος συγγραφέας: Κορναράκης, Ιωάννης Κ.
Μορφή: Βιβλίο
Γλώσσα:Greek
Δημοσίευση: Θεσσαλονίκη : [χ.ό.], 1970
Θέματα:
Ετικέτες: Προσθήκη ετικέτας
Δεν υπάρχουν, Καταχωρήστε ετικέτα πρώτοι!

MARC

LEADER 00000cam a2200000 i 4500
001 1/41060
008 070213s1970 gr | ||| |||| ||gre||
035 |l 10086986 
040 |a GR-MY-UA  |b gre  |e aacr 
041 0 |a gre 
082 0 |a 253.5  |2 (22) 
100 1 |a Κορναράκης, Ιωάννης Κ. 
245 1 0 |a Διάγραμμα του μεθοδολογικού προβλήματος της θρησκειοψυχολογικής ερεύνης  |h [ανάτυπο] :  |b (η μεθοδική αρχή του "απολκαλυπτικού ψυχολογικού τύπου") /  |c Ιωάννου Κ. Κορναράκη 
260 |a Θεσσαλονίκη :   |b [χ.ό.],   |c 1970 
300 |a 22 σ.;  |c 24 εκ. 
500 |a Με: Το επιστημονικό έργον του εβραιολόγου καθηγητού Βασίλειου Μ. Βέλλα / Παναγιώτου Ν. Σιμωτά. - Ιωσήφ ο υμνογραφός και Ιωσήφ ο Στουδίτης και το έργον αυτών: (κρίσεις και παρατηρήσεις) / Ανδρέου Ιωανν. Φυτράκη. - Η μορφωτική και παιδαγωγική αξία της εκκλησιαστικής μας υμνολογίας / Ανδρέου Ιωανν. Φυτράκη. - Ο υπό της Ελληνοχριστιανικής παραδόσεως προσδιοριζόμενος χαρακτήρ της ελευθερίας των ελλήνων [ανάτυπο] / Ιωάννου Ορ. Καλογήρου. - Αριστοτέλης ο φιλάλληλος / υπό Σπυρίδωνος Δ. Κυριαζόπουλου. - Το παρόν και το μέλλον της ποιήσεως / Σπυρίδωνος_ Δ. Κυριαζόπουλου. - Το αίτημα της αντικειμενικότητος / Σπυρ. Κυριαζόπουλου. - Εν ευφρονή φάος / Σπ. Δ. Κυριαζόπουλου. - Το χρέος προς την εθνικήν παράδοσιν: λόγος πανηγυρικός εκφωνηθείς την 26ην Οκτωβρίου 1972 εις την αίθουσαν τελετών του Αριστοτελείου Πανεπιστημίου / Παναγ. Χρήστου. - Η αρχή της εκκλησιαστικής ενότητος κατά τους πατέρας της εκκλησίας μέχρι του τρίτου αιώνος [ανάτυπο] / Γεωργίου Ι. Μαντζαρίδου. - Μεταφυσική θεμελίωσις της παιδείας / Χρίστου Νικ. Μπούκη. - Ο Νικηφόρος Θεοτόκης ως φυσικός επιστημών και εκκλησιαστικός ρήτωρ [ανάτυπο] / Αλεξάνδρου Χρ. Γουσίδου. - Ο Ηλίας Μηνιάτης ως ιεροκήρυξ: (επί τη 300η επετείω από της γεννήσεως του) / Αλεξάνδρου Χρ. Γουσίδου. - Το πρόβλημα της καταγωγής του Ρωμανού του Μελωδού: συστηματική έρευνα του θέματος εκ των πηγών και εκθέσις των αντισημιτικών στοιχείων των κοντάκιων / Αλέξανδρου Σ. Κορακίδη. - Η Κατερίνα του Κούλελη [ανάτυπο]: (ηθογραφία) / Νικήτα Ι. Κουμέντου. - Η ιστοριοσοφία του Ν. Μπερντιάεφ. - Τεχνικός και καλλιτεχνικός κόσμος / Παν. Χ. Νούτσου. - Η Ελλάς συντελεστής της ειρήνης και πρόμαχος της ελευθερίας: (στρατηγική αξία) / Ανδρέα Σιαπκαρά. - Αι επιστήμαι εν Ελλάδι [ανάτυπο] : από των αρχαιοτάτων χρόνων μέχρι του 15ου αιώνος / Ευάγγελου Σ. Σταμάτη 
500 |a "Επιστημονική επετηρίς Θεολογικής σχολής, τόμος ΙΕ' ανάτυπον" 
650 0 0 |a Psychology, Religious. 
650 0 0 |a Pastoral psychology. 
852 |a INST  |b RHODES  |c KRI  |e 20070213  |h  253.5 ΚΟΡ  |p 005400028440  |q 005400028440  |t BK  |y 0 
901 |a BIBL4-2007-1 
909 |a Ρ  |b 122874 
970 |a ΚΟΖΑ  |b ΜΑΡΙΑ  |z 2007/02/13